| 000 | 00539nam a22001817a 4500 | ||
|---|---|---|---|
| 005 | 20170214151836.0 | ||
| 008 | 170206b xxu||||| |||| 00| 0 eng d | ||
| 020 | _a0786866578 | ||
| 040 | _cPK-LaUMT | ||
| 082 |
_aR 303.4973014 _bPOP-D |
||
| 100 | _aPopcorn , Faith | ||
| 245 |
_aDictionary of the future: _bthe words, terms and trends that define the way we'll live, work and talk/ _cFaith Popcorn and Adam Hanft |
||
| 260 |
_aNew York: _bHyperion, _c2001 |
||
| 300 | _a414 p. | ||
| 546 | _aen | ||
| 650 | _aDictionaries | ||
| 942 | _cBK | ||
| 999 |
_c90824 _d90824 |
||